| 000 | 00501nam a2200157 a 4500 | ||
|---|---|---|---|
| 005 | 20140310183502.0 | ||
| 008 | 100921s19uu xx 00 eng d | ||
| 050 |
_aJC 421 _b.C758 1969 |
||
| 100 | _aConstantino, Renato | ||
| 245 |
_aThe making of a Filipino : _ba story of Philippine Colonial Politics / _cRenato Constantino |
||
| 260 |
_aQuezon City : _bNational Bookstore, _c1969. |
||
| 300 |
_a342 p. : _c20 cm. |
||
| 650 | _aStateman--Philippines--Biography. | ||
| 942 |
_cBK _2lcc |
||
| 999 |
_c23964 _d23964 |
||